[Event "Tournament of Peace 2018"]
[Site "Zagreb CRO"]
[Date "2018.11.12"]
[Round "1.2"]
[White "Malakhov, Vladimir"]
[Black "Cheparinov, Ivan"]
[Result "1/2-1/2"]
[WhiteTitle "GM"]
[BlackTitle "GM"]
[WhiteElo "2654"]
[BlackElo "2711"]
[WhiteFideId "4120787"]
[BlackFideId "2905540"]
[EventDate "2018.11.12"]

1. Nf3 c5 2. c4 Nc6 3. Nc3 Nf6 4. e3 g6 5. d4 cxd4 6. exd4 d5 7. cxd5 Nxd5 8.
Qb3 e6 9. Bb5 Bg7 10. O-O O-O 11. Bxc6 bxc6 12. Re1 Qc7 13. Na4 c5 14. Nxc5 Bxd4
15. Nxd4 Qxc5 16. Nf3 Qb6 17. Qxb6 axb6 18. Bd2 f6 19. Nd4 e5 20. Nc2 Bb7 21.
Nb4 Rfc8 1/2-1/2

[Event "Tournament of Peace 2018"]
[Site "Zagreb CRO"]
[Date "2018.11.12"]
[Round "1.3"]
[White "Kozul, Zdenko"]
[Black "Adhiban, Baskaran"]
[Result "0-1"]
[WhiteTitle "GM"]
[BlackTitle "GM"]
[WhiteElo "2612"]
[BlackElo "2682"]
[WhiteFideId "14502879"]
[BlackFideId "5018471"]
[EventDate "2018.11.12"]

1. d4 d5 2. c4 c6 3. Nf3 Nf6 4. e3 e6 5. Bd3 dxc4 6. Bxc4 Nbd7 7. O-O Bd6 8.
Nbd2 O-O 9. Be2 c5 10. b3 b6 11. Nc4 Bc7 12. a4 Bb7 13. Ba3 Ne4 14. Rc1 Qf6 15.
Ncd2 Rac8 16. Nxe4 Bxe4 17. Nd2 Bb7 18. Bf3 Ba6 19. Re1 Rfd8 20. b4 cxb4 21.
Bxb4 Bb8 22. Qb3 Qg6 23. Ne4 Nf6 24. Nxf6+ Qxf6 25. Qa3 Qg6 26. Be7 Re8 27. h3
h6 28. Bd6 Qd3 29. Bc6 Bxd6 30. Qxd6 Rf8 31. Qe7 Bc4 32. Bf3 a6 33. Qa7 Qb3 34.
Ra1 Bd3 35. e4 Rc2 36. d5 Qb4 37. Red1 Qd4 38. a5 Qxf2+ 39. Kh1 Be2 40. Bxe2
Qxe2 41. Rg1 bxa5 42. d6 Rd2 43. Qe7 Qxe4 44. Rad1 Rxd1 45. Rxd1 Qc2 46. Rf1 Qc5
47. Rb1 g6 48. Qc7 Qe5 49. Rb6 Qe1+ 50. Kh2 Qe5+ 51. Kh1 a4 52. Rxa6 Qe1+ 53.
Kh2 Qe5+ 54. Kh1 Qf4 55. Ra7 Qf1+ 56. Kh2 Qf4+ 57. Kh1 Kg7 58. Qc3+ Qf6 59. Qc7
Rd8 60. Rxa4 e5 61. d7 Qe7 62. Ra5 e4 63. Re5 Qxd7 64. Qxd7 Rxd7 65. Rxe4 g5 66.
g4 Rd2 67. Kg1 Kg6 68. Re8 Rc2 69. Ra8 Re2 70. Rh8 Rd2 71. Ra8 Rb2 72. Rh8 Re2
73. Ra8 h5 74. Rg8+ Kf6 75. gxh5 Re4 76. Kg2 Rh4 77. Ra8 Rxh5 78. Ra6+ Kf5 79.
Ra5+ Kg6 80. Ra6+ Kg7 81. Ra5 Kg6 82. Ra6+ f6 83. Ra8 Rh7 84. Kg3 f5 85. Rg8+
Kh5 86. Rf8 Kg6 87. Rg8+ Rg7 88. Rf8 Rb7 89. Rg8+ Kh6 90. Rf8 Rb3+ 91. Kg2 Kg6
92. Kh2 Rb2+ 93. Kg3 f4+ 94. Kf3 Rb3+ 95. Kg2 Kg7 96. Rf5 Kg6 97. Rf8 Rb5 98. h4
Kg7 99. Ra8 g4 100. Ra4 Rf5 101. Kf2 Kg6 102. Ra8 Rf6 103. Rg8+ Kh5 104. Rh8+
Rh6 105. Rf8 g3+ 106. Kg2 Kg4 107. Rg8+ Kxh4 108. Kf3 Kh3 109. Rg7 Kh2 110. Rg8
Kh1 0-1

[Event "Tournament of Peace 2018"]
[Site "Zagreb CRO"]
[Date "2018.11.12"]
[Round "1.4"]
[White "Stevic, Hrvoje"]
[Black "Palac, Mladen"]
[Result "1/2-1/2"]
[WhiteTitle "GM"]
[BlackTitle "GM"]
[WhiteElo "2589"]
[BlackElo "2548"]
[WhiteFideId "14502569"]
[BlackFideId "14500116"]
[EventDate "2018.11.12"]

1. e4 c5 2. Nf3 d6 3. d4 cxd4 4. Nxd4 Nf6 5. Nc3 a6 6. Be2 e5 7. Nb3 Be7 8. O-O
O-O 9. Be3 Be6 10. a4 Nc6 11. a5 Bxb3 12. cxb3 Nxa5 13. Nd5 Nc6 14. Bb6 Qd7 15.
Nxf6+ Bxf6 16. Bg4 Qe7 17. Qd5 Nd4 18. Rfd1 Qe8 19. Qxd6 Nxb3 20. Rab1 Nd4 21.
Bd7 Qe7 22. Qxe7 Bxe7 23. Bxd4 exd4 24. Rxd4 Rfd8 25. Rbd1 b6 26. Bg4 Rxd4 27.
Rxd4 Rd8 28. Rxd8+ Bxd8 1/2-1/2

[Event "Tournament of Peace 2018"]
[Site "Zagreb CRO"]
[Date "2018.11.12"]
[Round "1.5"]
[White "Bacrot, Etienne"]
[Black "Saric, Ivan"]
[Result "1/2-1/2"]
[WhiteTitle "GM"]
[BlackTitle "GM"]
[WhiteElo "2677"]
[BlackElo "2692"]
[WhiteFideId "605506"]
[BlackFideId "14508150"]
[EventDate "2018.11.12"]

1. e4 c5 2. Nf3 d6 3. d4 cxd4 4. Nxd4 Nf6 5. Nc3 a6 6. g3 e5 7. Nde2 Be7 8. Bg2
O-O 9. O-O b5 10. Nd5 Nbd7 11. Nec3 Rb8 12. Be3 b4 13. Nxe7+ Qxe7 14. Nd5 Nxd5
15. Qxd5 Bb7 16. Qa5 Nc5 17. Bxc5 dxc5 18. Rfd1 Rfd8 19. c3 Rd6 20. cxb4 cxb4
21. Rxd6 Qxd6 22. Bf3 g6 23. Rd1 Qe7 24. Rc1 Rc8 25. Rxc8+ Bxc8 26. Qb6 Kg7 27.
Kg2 h6 28. h4 1/2-1/2

[Event "Tournament of Peace 2018"]
[Site "Zagreb CRO"]
[Date "2018.11.12"]
[Round "1.6"]
[White "Zelcic, Robert"]
[Black "Amin, Bassem"]
[Result "1/2-1/2"]
[WhiteTitle "GM"]
[BlackTitle "GM"]
[WhiteElo "2508"]
[BlackElo "2709"]
[WhiteFideId "14500310"]
[BlackFideId "10601457"]
[EventDate "2018.11.12"]

1. e4 e5 2. Nf3 Nc6 3. Bb5 a6 4. Ba4 Nf6 5. d4 exd4 6. O-O Be7 7. e5 Ne4 8. Nxd4
Nc5 9. Nf5 g6 10. Bxc6 dxc6 11. Nxe7 Qxe7 12. Bh6 Rg8 13. Nc3 g5 14. f4 gxf4 15.
Bxf4 Bd7 16. Qf3 O-O-O 17. Qf2 Be6 18. Bg3 Rg4 19. Rad1 Rdg8 20. Rd4 Nd7 21.
Rfd1 Rxd4 22. Rxd4 Rg4 23. Rxg4 Bxg4 24. h3 Bh5 25. Qf4 Bg6 26. Ne4 Qxe5 27.
Qxe5 Nxe5 28. Bxe5 Bxe4 29. c3 Kd7 30. Kf2 Ke6 31. Bxc7 Kd5 32. g3 Bb1 33. Ke3
Bxa2 34. b4 Bb1 35. Kd2 Kc4 36. h4 Be4 37. Bd8 Bf5 38. Bc7 c5 39. bxc5 Kxc5 40.
Kc1 Kc4 1/2-1/2

[Event "Tournament of Peace 2018"]
[Site "Zagreb CRO"]
[Date "2018.11.13"]
[Round "2.1"]
[White "Ivanchuk, Vassily"]
[Black "Amin, Bassem"]
[Result "0-1"]
[WhiteTitle "GM"]
[BlackTitle "GM"]
[WhiteElo "2714"]
[BlackElo "2709"]
[WhiteFideId "14100010"]
[BlackFideId "10601457"]
[EventDate "2018.11.12"]

1. d4 Nf6 2. Nf3 g6 3. g3 Bg7 4. Bg2 O-O 5. O-O d6 6. c4 Nc6 7. Nc3 e5 8. d5 Nb8
9. e4 a5 10. Ne1 Na6 11. Bg5 h6 12. Be3 Ng4 13. Bd2 f5 14. Nd3 b6 15. f3 Nf6 16.
Be3 Nc5 17. Nxc5 bxc5 18. Qd2 g5 19. exf5 Bxf5 20. b3 Qd7 21. Rf2 e4 22. Raf1
exf3 23. Bxf3 Rae8 24. Nd1 a4 25. Qc1 axb3 26. axb3 Rb8 0-1

[Event "Tournament of Peace 2018"]
[Site "Zagreb CRO"]
[Date "2018.11.13"]
[Round "2.2"]
[White "Saric, Ivan"]
[Black "Zelcic, Robert"]
[Result "1-0"]
[WhiteTitle "GM"]
[BlackTitle "GM"]
[WhiteElo "2692"]
[BlackElo "2508"]
[WhiteFideId "14508150"]
[BlackFideId "14500310"]
[EventDate "2018.11.12"]

1. e4 c6 2. d4 d5 3. e5 c5 4. dxc5 Nc6 5. f4 e6 6. Be3 d4 7. Bf2 Bxc5 8. Nd2
Nge7 9. a3 Nd5 10. Ne4 Be7 11. Qd2 Qb6 12. O-O-O Nc3 13. Qxc3 dxc3 14. Bxb6
cxb2+ 15. Kxb2 axb6 16. Nd6+ Kf8 17. Nf3 Bd7 18. Bb5 Bxd6 19. exd6 f6 20. Rhe1
Kf7 21. Re4 Rhe8 22. Nd2 Nb8 23. Bc4 b5 24. Ba2 Kf8 25. Nb3 Na6 26. Rde1 Red8
27. g4 Bc8 28. Rd1 b6 29. g5 Ra7 30. gxf6 gxf6 31. Re3 Nc7 32. f5 Nd5 33. Red3
Nf4 34. Rg3 Rg7 35. Nd4 exf5 36. Rf3 Ng6 37. Rc3 Ne5 38. Be6 Nc4+ 39. Rxc4 bxc4
40. Bxc8 c3+ 41. Kb3 1-0

[Event "Tournament of Peace 2018"]
[Site "Zagreb CRO"]
[Date "2018.11.13"]
[Round "2.3"]
[White "Palac, Mladen"]
[Black "Bacrot, Etienne"]
[Result "1/2-1/2"]
[WhiteTitle "GM"]
[BlackTitle "GM"]
[WhiteElo "2548"]
[BlackElo "2677"]
[WhiteFideId "14500116"]
[BlackFideId "605506"]
[EventDate "2018.11.12"]

1. e4 e5 2. Nf3 Nc6 3. Bb5 Nf6 4. d3 Bc5 5. O-O d6 6. Nc3 Bd7 7. Na4 Bb6 8. c3
Ne7 9. Nxb6 axb6 10. Bxd7+ Qxd7 11. Bg5 Qe6 12. a3 h6 13. Bxf6 Qxf6 14. d4 Ng6
15. dxe5 dxe5 16. Qe2 O-O 17. g3 Rfd8 18. Rfd1 Ne7 19. Rxd8+ Rxd8 20. Rd1 Rd6
21. Rxd6 Qxd6 22. Qd2 Qxd2 1/2-1/2

[Event "Tournament of Peace 2018"]
[Site "Zagreb CRO"]
[Date "2018.11.13"]
[Round "2.4"]
[White "Adhiban, Baskaran"]
[Black "Stevic, Hrvoje"]
[Result "1/2-1/2"]
[WhiteTitle "GM"]
[BlackTitle "GM"]
[WhiteElo "2682"]
[BlackElo "2589"]
[WhiteFideId "5018471"]
[BlackFideId "14502569"]
[EventDate "2018.11.12"]

1. e4 e5 2. Nf3 Nc6 3. Bb5 a6 4. Ba4 Nf6 5. Nc3 Bb4 6. O-O O-O 7. d3 Bxc3 8.
bxc3 d6 9. Nd2 Re8 10. c4 Bd7 11. f4 Nd4 12. Bxd7 Qxd7 13. c3 Ne6 14. f5 Nc5 15.
Nb3 b5 16. cxb5 axb5 17. Bg5 Qc6 18. Qd2 Ncd7 19. Rac1 Ra4 20. Rc2 d5 21. exd5
Qxd5 22. h3 Rea8 23. Rd1 h6 24. Be3 c5 25. c4 bxc4 26. dxc4 Rxc4 27. Qxd5 Nxd5
28. Rxc4 Nxe3 29. Rxd7 Nxc4 30. Nxc5 Rxa2 31. g4 Nd2 32. Rd8+ Kh7 33. Rd7 Rc2
34. Nd3 Nf3+ 35. Kf1 Nh2+ 36. Ke1 Nf3+ 37. Kf1 e4 38. Nf4 e3 39. Ne2 Nh2+ 40.
Ke1 Nf3+ 41. Kf1 Ra2 42. Rc7 h5 43. gxh5 Kh6 44. Rxf7 Nh2+ 45. Ke1 Ra1+ 46. Nc1
Rxc1+ 47. Ke2 Rc2+ 48. Kxe3 Nf1+ 49. Kf4 Rf2+ 50. Ke5 Re2+ 51. Kf4 Rf2+ 52. Ke5
Ng3 53. f6 Re2+ 54. Kd5 Nxh5 55. fxg7 Nxg7 56. h4 Kg6 57. Rf4 Nf5 58. Re4 Rh2
59. Ke5 Nxh4 60. Rg4+ Kf7 61. Rf4+ Kg7 62. Rg4+ Ng6+ 63. Ke4 Kf6 64. Rg1 Rh4+
65. Kd5 Nf4+ 66. Kd6 Rh2 67. Rd1 Kf5 68. Rf1 Rd2+ 69. Ke7 Rd3 70. Rf2 Ke5 71.
Rf1 Nd5+ 72. Kf7 Ra3 73. Re1+ Kf5 74. Rf1+ Nf4 75. Ke7 Rd3 76. Rf2 Ke5 77. Rf1
Ng6+ 78. Kf7 Nh4 79. Re1+ Kf5 80. Rf1+ Nf3 81. Ke7 Ke5 82. Ra1 Rd5 83. Ra3 Nd4
84. Re3+ Kf5 85. Rc3 Ra5 86. Rh3 Ra6 87. Re3 Ne6 88. Kd7 Nc5+ 89. Kc7 Ne4 90.
Rb3 Ra1 91. Kc6 Ke5 92. Rb5+ Ke6 93. Rh5 Rc1+ 94. Kb5 Nf6 95. Rc5 Rb1+ 96. Kc4
Nd5 97. Ra5 Rc1+ 98. Kd4 Rd1+ 99. Ke4 Nc3+ 100. Ke3 Rd5 101. Rxd5 Nxd5+ 1/2-1/2

[Event "Tournament of Peace 2018"]
[Site "Zagreb CRO"]
[Date "2018.11.13"]
[Round "2.5"]
[White "Cheparinov, Ivan"]
[Black "Kozul, Zdenko"]
[Result "1-0"]
[WhiteTitle "GM"]
[BlackTitle "GM"]
[WhiteElo "2711"]
[BlackElo "2612"]
[WhiteFideId "2905540"]
[BlackFideId "14502879"]
[EventDate "2018.11.12"]

1. d4 Nf6 2. c4 g6 3. Nc3 Bg7 4. e4 d6 5. Nf3 O-O 6. Be2 e5 7. O-O Nbd7 8. Be3
c6 9. d5 c5 10. Bg5 h6 11. Bd2 a6 12. Qc1 Kh7 13. Ne1 Qe7 14. Nc2 Ng8 15. Ne3 h5
16. a3 Bh6 17. b4 a5 18. Nb5 b6 19. bxa5 bxa5 20. Rb1 Ndf6 21. Nc3 Ba6 22. Qc2
Nd7 23. Rb2 Rfb8 24. Rfb1 Qd8 25. Rxb8 Rxb8 26. Rxb8 Qxb8 27. Ncd1 Qb6 28. Qa4
Ngf6 29. Bd3 Bc8 30. Qxa5 Bxe3 31. Nxe3 Qb3 32. Qc3 Qa2 33. Bc1 Nb6 34. Qb2 Qxb2
35. Bxb2 Na4 36. Bc1 Kg7 37. f3 Nd7 38. Kf2 h4 39. Ke1 f6 40. Kd1 Kf7 41. Kc2
Nf8 42. g3 hxg3 43. hxg3 Nd7 44. Bd2 Ndb6 45. Kb3 Ke7 46. f4 Bd7 47. f5 g5 48.
Ba5 Be8 49. Be2 Kd8 50. Bd1 Ke7 51. Ka2 Nc8 52. Bb3 Ncb6 53. Bxa4 Nxa4 54. Kb3
Bd7 55. g4 Be8 56. Nf1 Bd7 57. Ng3 Be8 58. Nh5 1-0

[Event "Tournament of Peace 2018"]
[Site "Zagreb CRO"]
[Date "2018.11.13"]
[Round "2.6"]
[White "Jovanovic, Zoran"]
[Black "Malakhov, Vladimir"]
[Result "0-1"]
[WhiteTitle "GM"]
[BlackTitle "GM"]
[WhiteElo "2537"]
[BlackElo "2654"]
[WhiteFideId "14505320"]
[BlackFideId "4120787"]
[EventDate "2018.11.12"]

1. e4 d6 2. d4 Nf6 3. Nc3 g6 4. Nf3 Bg7 5. Be3 O-O 6. h3 a6 7. Bd3 b5 8. Ne2 Bb7
9. Ng3 Nbd7 10. a4 Nb6 11. axb5 axb5 12. O-O Nc4 13. Bxc4 bxc4 14. Nd2 d5 15. e5
Nd7 16. f4 e6 17. Nf3 Rxa1 18. Qxa1 Qa8 19. h4 Rb8 20. Qc1 Bc8 21. c3 Qb7 22.
Rf2 c5 23. h5 cxd4 24. cxd4 Nb6 25. Bd2 Na4 26. Bc3 Bd7 27. Nh2 Be8 28. Ngf1 Qe7
29. g3 gxh5 30. f5 f6 31. exf6 Qxf6 32. Qf4 Rc8 33. Ne3 Bh6 34. Qf3 Nxc3 35.
bxc3 Bf7 36. fxe6 Qxf3 37. Rxf3 Bxe6 38. Nhf1 Rf8 39. Kf2 Rxf3+ 40. Kxf3 Bg5 41.
Ng2 Bh3 42. Nfe3 Bxg2+ 43. Nxg2 Kf7 44. Ke2 Ke6 45. Ne1 Kf5 46. Nf3 Bd8 47. Ne5
Ba5 48. Kd2 Bc7 0-1

[Event "Tournament of Peace 2018"]
[Site "Zagreb CRO"]
[Date "2018.11.14"]
[Round "3.1"]
[White "Malakhov, Vladimir"]
[Black "Ivanchuk, Vassily"]
[Result "1/2-1/2"]
[WhiteTitle "GM"]
[BlackTitle "GM"]
[WhiteElo "2654"]
[BlackElo "2714"]
[WhiteFideId "4120787"]
[BlackFideId "14100010"]
[EventDate "2018.11.12"]

1. Nf3 f5 2. d3 Nc6 3. e4 e5 4. Nc3 Bb4 5. exf5 d5 6. d4 e4 7. Bg5 Be7 8. Bxe7
Ngxe7 9. Nh4 Bxf5 10. Qh5+ g6 11. Qh6 Qd6 12. Bb5 Rf8 13. Bxc6+ Nxc6 14. O-O-O
O-O-O 15. f3 exf3 16. Nxf3 Bg4 17. Rhf1 Bxf3 18. Qh3+ Qd7 19. Rxf3 Qxh3 20. Rxh3
Rd7 21. Re3 b6 22. Re2 Rf5 23. Red2 Rdf7 24. Ne2 Rf2 25. Nc3 Ne7 26. Re1 Kd7 27.
Nd1 Rf1 28. Rde2 Rxe1 29. Rxe1 Nf5 30. c3 Re7 1/2-1/2

[Event "Tournament of Peace 2018"]
[Site "Zagreb CRO"]
[Date "2018.11.14"]
[Round "3.2"]
[White "Kozul, Zdenko"]
[Black "Jovanovic, Zoran"]
[Result "1-0"]
[WhiteTitle "GM"]
[BlackTitle "GM"]
[WhiteElo "2612"]
[BlackElo "2537"]
[WhiteFideId "14502879"]
[BlackFideId "14505320"]
[EventDate "2018.11.12"]

1. d4 d6 2. Nf3 g6 3. c4 Bg7 4. Nc3 Nf6 5. e4 O-O 6. Be2 e5 7. d5 Na6 8. Nd2 Ne8
9. a3 c5 10. h4 f5 11. h5 Nf6 12. hxg6 hxg6 13. Nf3 Nh7 14. Nh4 f4 15. Nxg6 Rf6
16. Bh5 Bd7 17. g3 Nf8 18. Nh4 Rh6 19. Nf5 Bxf5 20. exf5 Qg5 21. g4 Nh7 22. Ne4
Qe7 23. Bd2 Ng5 24. Nxg5 Qxg5 25. Qf3 Nb8 26. Qb3 Qe7 27. O-O-O Nd7 28. Rde1 Qd8
29. Bg6 Rxh1 30. Rxh1 b5 31. f6 Qxf6 32. Bf5 bxc4 33. Qb7 Nb6 34. Be6+ Kf8 35.
Rh5 Qe7 36. Rf5+ Bf6 37. Qxe7+ Kxe7 38. g5 Bxg5 39. Rxg5 Kf6 40. Rf5+ Kg6 41.
Rf7 Na4 42. Kc2 a5 43. Rd7 Rb8 44. Bc1 e4 45. Rxd6 Kg5 46. Rd7 1-0

[Event "Tournament of Peace 2018"]
[Site "Zagreb CRO"]
[Date "2018.11.14"]
[Round "3.3"]
[White "Stevic, Hrvoje"]
[Black "Cheparinov, Ivan"]
[Result "0-1"]
[WhiteTitle "GM"]
[BlackTitle "GM"]
[WhiteElo "2589"]
[BlackElo "2711"]
[WhiteFideId "14502569"]
[BlackFideId "2905540"]
[EventDate "2018.11.12"]

1. e4 c6 2. d4 d5 3. Nc3 dxe4 4. Nxe4 Nf6 5. Nxf6+ exf6 6. c3 Bd6 7. Bd3 O-O 8.
Qc2 Re8+ 9. Be3 h5 10. O-O-O Qa5 11. Kb1 Be6 12. c4 Na6 13. Bd2 Nb4 14. Qb3 b5
15. Bxb4 Bxb4 16. Qc2 bxc4 17. Bxc4 Bxc4 18. Qxc4 Rab8 19. Nf3 Ba3 20. b3 Qf5+
21. Qd3 Qxd3+ 22. Rxd3 Re2 23. Rd2 Rbe8 24. Rhd1 Bb4 25. Rxe2 Rxe2 26. Rc1 Rxf2
27. Rc2 Rxc2 28. Kxc2 Kf8 29. Kd3 Ke7 30. Kc4 a5 31. d5 c5 32. Ng1 Kd6 33. Ne2
g6 34. Nf4 h4 35. Nd3 f5 36. h3 g5 37. Nb2 f4 38. Nd3 f5 39. a4 Ba3 40. Kb5 Bb4
41. Kc4 Ba3 42. Kb5 Kxd5 43. Kxa5 Kd4 44. Nxf4 gxf4 45. Kb5 Bb4 46. a5 Bxa5 47.
Kxa5 c4 0-1

[Event "Tournament of Peace 2018"]
[Site "Zagreb CRO"]
[Date "2018.11.14"]
[Round "3.4"]
[White "Bacrot, Etienne"]
[Black "Adhiban, Baskaran"]
[Result "1-0"]
[WhiteTitle "GM"]
[BlackTitle "GM"]
[WhiteElo "2677"]
[BlackElo "2682"]
[WhiteFideId "605506"]
[BlackFideId "5018471"]
[EventDate "2018.11.12"]

1. e4 g6 2. d4 Bg7 3. Nf3 d6 4. Bc4 Nf6 5. Qe2 Nc6 6. O-O Bg4 7. c3 e5 8. Rd1
O-O 9. h3 Bxf3 10. Qxf3 Nd7 11. Qe3 Kh8 12. dxe5 Ncxe5 13. Bf1 f5 14. f4 Nf7 15.
exf5 gxf5 16. Qf3 c6 17. Bd3 d5 18. Bxf5 Nd6 19. Bc2 Qb6+ 20. Qf2 Rae8 21. Qxb6
Nxb6 22. a4 Nbc4 23. Na3 Nxa3 24. Rxa3 Nc4 25. Ra1 Ne3 26. Bxe3 Rxe3 27. Re1
Rxe1+ 28. Rxe1 Rxf4 29. Re7 b5 30. Rxa7 bxa4 31. Bxa4 Bf8 32. Ra8 c5 33. g3 Rf5
34. Bc2 Rf7 35. Rd8 Kg7 36. Rxd5 Rb7 37. b3 Be7 38. Kf2 c4 39. bxc4 Rb2 40. Rd2
Bg5 41. Re2 Bf6 42. Bxh7 Rxe2+ 43. Kxe2 Kxh7 44. Kd3 Kg6 45. c5 Kf5 46. Kc4 Ke6
47. h4 Kd7 48. Kd5 Bxc3 49. g4 Be1 50. h5 Bd2 51. Ke5 Be3 52. Kf6 Bd4+ 53. Kf7
Be3 54. Kg7 Bxc5 55. g5 Ke6 56. g6 Bd4+ 57. Kh7 Kf5 58. h6 Bh8 59. g7 Bxg7 60.
hxg7 1-0

[Event "Tournament of Peace 2018"]
[Site "Zagreb CRO"]
[Date "2018.11.14"]
[Round "3.5"]
[White "Zelcic, Robert"]
[Black "Palac, Mladen"]
[Result "1/2-1/2"]
[WhiteTitle "GM"]
[BlackTitle "GM"]
[WhiteElo "2508"]
[BlackElo "2548"]
[WhiteFideId "14500310"]
[BlackFideId "14500116"]
[EventDate "2018.11.12"]

1. e4 c5 2. Nf3 d6 3. d4 cxd4 4. Nxd4 Nf6 5. Nc3 a6 6. Be2 e6 7. O-O Qc7 8. f4
Nc6 9. Kh1 Be7 10. Be3 O-O 11. Qe1 Nxd4 12. Bxd4 b5 13. a3 Bb7 14. Qg3 Rad8 15.
Rae1 Bc6 16. Bd3 Qd7 17. Nd1 Nh5 18. Qg4 Nf6 19. Qg3 Nh5 20. Qg4 Nf6 1/2-1/2

[Event "Tournament of Peace 2018"]
[Site "Zagreb CRO"]
[Date "2018.11.14"]
[Round "3.6"]
[White "Amin, Bassem"]
[Black "Saric, Ivan"]
[Result "1/2-1/2"]
[WhiteTitle "GM"]
[BlackTitle "GM"]
[WhiteElo "2709"]
[BlackElo "2692"]
[WhiteFideId "10601457"]
[BlackFideId "14508150"]
[EventDate "2018.11.12"]

1. e4 c5 2. Nf3 d6 3. Bb5+ Nd7 4. O-O a6 5. Bd3 Ngf6 6. Re1 e6 7. a4 b6 8. b3
Bb7 9. Bb2 Be7 10. Na3 O-O 11. e5 Ne8 12. Nc4 d5 13. Ne3 f5 14. exf6 Bxf6 15.
Bxf6 Qxf6 16. Ng4 Qf4 17. h3 Nef6 18. Qe2 Ne4 19. Qe3 Qxe3 20. Rxe3 h5 21. Nge5
Nxe5 22. Bxe4 dxe4 23. Nxe5 Rad8 24. Re2 Bd5 25. Rb1 b5 26. axb5 axb5 27. c4 Rf5
28. Ng6 Rf6 29. Ne5 Rf5 30. Ng6 Rf6 31. Ne5 1/2-1/2

[Event "Tournament of Peace 2018"]
[Site "Zagreb CRO"]
[Date "2018.11.15"]
[Round "4.1"]
[White "Ivanchuk, Vassily"]
[Black "Saric, Ivan"]
[Result "1/2-1/2"]
[WhiteTitle "GM"]
[BlackTitle "GM"]
[WhiteElo "2714"]
[BlackElo "2692"]
[WhiteFideId "14100010"]
[BlackFideId "14508150"]
[EventDate "2018.11.12"]

1. d4 d5 2. c4 c6 3. cxd5 cxd5 4. Bf4 Nc6 5. e3 Bf5 6. Nc3 e6 7. Bb5 Rc8 8. Nf3
Bb4 9. Qb3 Bxc3+ 10. Qxc3 a6 11. Be2 Nf6 12. Nd2 O-O 13. O-O a5 14. Rac1 Nb4 15.
Qa3 b6 16. Rxc8 Qxc8 17. Bd6 Rd8 18. Bxb4 axb4 19. Qxb4 Qc7 20. Nb3 Rc8 21. Ba6
Ra8 22. Rc1 Qa7 23. Bf1 Qxa2 24. Ra1 Qxa1 25. Nxa1 Rxa1 26. Qc3 g5 27. f3 h5 28.
Kf2 Rb1 29. Be2 g4 30. Qb4 gxf3 31. gxf3 Rh1 32. Kg2 Rc1 33. Qxb6 h4 34. b4 Rb1
35. Qc5 Rb2 36. Kf1 Rb1+ 37. Kf2 Rb2 38. Qc3 Rb1 39. b5 Kg7 40. Bf1 Ne8 41. e4
dxe4 42. d5+ Nf6 43. fxe4 Bxe4 44. dxe6 fxe6 45. Be2 Kg6 46. Qd4 Rb3 47. Bc4 e5
48. Qd6 Rb2+ 49. Be2 Bf5 50. Qa3 Ne4+ 51. Ke3 Rb1 52. Qa2 Nf6 53. Qc4 Rb4 54.
Qc6 Rb3+ 55. Kf2 Rb2 56. Ke1 Rb1+ 57. Bd1 e4 58. b6 Bg4 59. b7 Bxd1 60. b8=Q
Rxb8 61. Kxd1 Rb2 62. Qd6 Rg2 63. Ke1 h3 64. Qe5 Rg1+ 65. Ke2 Rg2+ 66. Ke1 Rg1+
67. Ke2 Rg2+ 68. Ke1 Rg1+ 1/2-1/2

[Event "Tournament of Peace 2018"]
[Site "Zagreb CRO"]
[Date "2018.11.15"]
[Round "4.2"]
[White "Palac, Mladen"]
[Black "Amin, Bassem"]
[Result "1/2-1/2"]
[WhiteTitle "GM"]
[BlackTitle "GM"]
[WhiteElo "2548"]
[BlackElo "2709"]
[WhiteFideId "14500116"]
[BlackFideId "10601457"]
[EventDate "2018.11.12"]

1. e4 e5 2. Nf3 Nc6 3. Bb5 a6 4. Ba4 Nf6 5. O-O Be7 6. Re1 b5 7. Bb3 d6 8. a4
Bd7 9. c3 O-O 10. d4 h6 11. Nbd2 Re8 12. Nf1 Bf8 13. Ng3 Na5 14. Bc2 c5 15. h3
Qc7 16. d5 c4 17. Be3 Reb8 18. Nd2 bxa4 19. Bxa4 Rxb2 20. Bxd7 Nxd7 21. Rxa5
Rxd2 22. Qa1 Rd3 23. Rxa6 Rxa6 24. Qxa6 Rxc3 25. Qc6 Qd8 26. Ra1 Nb8 27. Qb5 Qc8
28. Ra4 g6 29. Ne2 Rb3 30. Rxc4 Qb7 31. Qxb7 Rxb7 32. Rc8 h5 33. Bh6 Nd7 34. g4
hxg4 35. hxg4 Rb8 36. Rxb8 Nxb8 37. Bg5 1/2-1/2

[Event "Tournament of Peace 2018"]
[Site "Zagreb CRO"]
[Date "2018.11.15"]
[Round "4.3"]
[White "Adhiban, Baskaran"]
[Black "Zelcic, Robert"]
[Result "1-0"]
[WhiteTitle "GM"]
[BlackTitle "GM"]
[WhiteElo "2682"]
[BlackElo "2508"]
[WhiteFideId "5018471"]
[BlackFideId "14500310"]
[EventDate "2018.11.12"]

1. e4 c6 2. d4 d5 3. e5 Bf5 4. Nf3 e6 5. Be2 Nd7 6. O-O h6 7. c3 Ne7 8. Na3 a6
9. Nc2 c5 10. dxc5 Nxc5 11. Ncd4 Bh7 12. Be3 Nd7 13. Rc1 Ng6 14. c4 dxc4 15.
Bxc4 Rc8 16. Bxe6 Rxc1 17. Qxc1 Ngxe5 18. Bxd7+ Nxd7 19. Bf4 Be7 20. Bc7 Qc8 21.
Bd6 Qxc1 22. Rxc1 Kd8 23. Bc7+ Ke8 24. Bd6 Kd8 25. Bc7+ Ke8 26. Ba5 Nf8 27. Ne5
Bg5 28. Rc8+ Ke7 29. Bd8+ Kd6 30. Nxf7+ 1-0

[Event "Tournament of Peace 2018"]
[Site "Zagreb CRO"]
[Date "2018.11.15"]
[Round "4.4"]
[White "Cheparinov, Ivan"]
[Black "Bacrot, Etienne"]
[Result "1/2-1/2"]
[WhiteTitle "GM"]
[BlackTitle "GM"]
[WhiteElo "2711"]
[BlackElo "2677"]
[WhiteFideId "2905540"]
[BlackFideId "605506"]
[EventDate "2018.11.12"]

1. d4 d5 2. c4 e6 3. Nf3 Nf6 4. g3 Be7 5. Bg2 O-O 6. O-O dxc4 7. Qc2 b6 8. Ne5
Qxd4 9. Bxa8 Qxe5 10. Bf3 Nd5 11. Qxc4 Ba6 12. Qa4 c5 13. Na3 Qc7 14. Rd1 Qc8
15. Bd2 Nc6 16. Bc3 Nxc3 17. bxc3 Ne5 18. c4 Nxf3+ 19. exf3 Bf6 20. Rab1 Bb7 21.
Rd3 Qa8 22. Qb3 e5 23. Re1 e4 24. fxe4 Bd4 25. Nb5 Bxe4 26. Nxd4 Bxd3 27. Qxd3
cxd4 1/2-1/2

[Event "Tournament of Peace 2018"]
[Site "Zagreb CRO"]
[Date "2018.11.15"]
[Round "4.5"]
[White "Jovanovic, Zoran"]
[Black "Stevic, Hrvoje"]
[Result "1/2-1/2"]
[WhiteTitle "GM"]
[BlackTitle "GM"]
[WhiteElo "2537"]
[BlackElo "2589"]
[WhiteFideId "14505320"]
[BlackFideId "14502569"]
[EventDate "2018.11.12"]

1. e4 e5 2. Nf3 Nc6 3. Bb5 Nf6 4. O-O Nxe4 5. Re1 Nd6 6. Nxe5 Be7 7. Bf1 Nxe5 8.
Rxe5 O-O 9. d4 Bf6 10. Re1 Nf5 11. c3 d5 12. Bf4 c6 13. Nd2 Bg5 14. Qg4 Bxf4 15.
Qxf4 Qd6 16. Re5 Nh6 17. Qg3 f6 18. Re2 Qxg3 19. hxg3 Bd7 20. Rae1 Rfe8 21. f3
Nf5 22. g4 Nd6 23. Kf2 Rxe2+ 24. Rxe2 Re8 25. Rxe8+ Bxe8 1/2-1/2